000 00421nam a22001457a 4500
005 20240306145736.0
008 240306b ||||| |||| 00| 0 eng d
040 _cAL
041 _aeng
082 _223
_a658.8
_bCONS
245 _aConsumer Behaviour Towards Two Wheelers with Reference to Honda Matrix
260 _aMangalore
_bSt Aloysius College
_c2004
700 _aCUTINHA (Dave Martin)
_9153194
942 _2ddc
_cPRO
999 _c230090
_d230090